Statistics for Washington Wizards: All-Star Selections

Click here to take the quiz!

General Stats

  • This quiz has been taken 24 times
  • The average score is 8 of 26

Answer Stats

Amount of Selections Player % Correct
5John Wall
100%
2Bradley Beal
100%
5Wes Unseld
83%
3Gilbert Arenas
67%
8Elvin Hayes
63%
2Antawn Jamison
50%
2Earl Monroe
42%
2Michael Jordan
38%
1Juwan Howard
29%
5Gus Johnson
29%
1Bernard King
29%
1Chris Webber
25%
2Caron Butler
25%
2Jeff Malone
17%
2Moses Malone
17%
3Phil Chenier
17%
2Jeff Ruland
8%
4Walt Bellamy
8%
1Bob Dandridge
4%
2Terry Dischinger
4%
1Dave Bing
4%
1Archie Clark
4%
1Bailey Howell
4%
1Jack Marin
0%
1Michael Adams
0%
3Don Ohl
0%

Score Distribution

Percentile by Number Answered

Percent of People with Each Score

Your Score History

You have not taken this quiz